Personnages de la série Lost par images - Statistiques

Statistiques générales
  • Ce quiz a été pris 85 fois
  • Le résultat moyen est 16 sur 20
Statistiques - réponses
Par images Réponse % Correct
John Locke
99%
Jack Shephard
97%
James Ford
96%
Kate Austen
96%
Hugo Reyes
95%
Charlie Pace
91%
Benjamin Linus
86%
Claire Littleton
86%
Boone Carlyle
83%
Jin-Soo Kwon
83%
Michael Dawson
83%
Sayid Jarrah
83%
Desmond Hume
82%
Sun-Hwa Kwon
82%
Danielle Rousseau
79%
Juliet Burke
78%
Walt Lloyd
69%
Ethan Rom
66%
Miles Straume
48%
Tom Friendly
40%
Aucun quiz correspondant
Distribution des résultats
% des personnes avec chaque résultat
Percentile par nombre de réponses
Votre historique - résultats
Vous n’avez pas pris ce quiz